000 00541nam a2200181 4500
001 137342
003 ES-MaACL
005 20230906195344.0
007 t|
008 070214s1919 sp r ||||1| spa d
100 1 _aSánchez, José Rogerio,
_d1876-1949
_9102387
245 1 0 _aElementos de historia general de la literatura /
_cJosé Rogerio Sánchez.
250 _a4ª. ed.
260 _aMadrid :
_b[s.n.],
_c1919 (
_fImp. `La Enseñanza`)
300 _a309 p. ;
_c18 cm.
852 _aES-MaACL
_jG-15657
999 _c137342
_d137342